Normal view
MARC view
- Islam, Alishba
Entry Personal Name
001 - CONTROL NUMBER
- control field: 118408
003 - CONTROL NUMBER IDENTIFIER
- control field: NUST
005 - DATE AND TIME OF LATEST TRANSACTION
- control field: 20231007115948.0
008 - FIXED-LENGTH DATA ELEMENTS
- fixed length control field: 231007|| aca||aabn | a|a d
040 ## - CATALOGING SOURCE
- Original cataloging agency: NUST
- Transcribing agency: NUST
100 ## - HEADING--PERSONAL NAME
- Personal name: Islam, Alishba
670 ## - SOURCE DATA FOUND
- Source citation: Work cat.: (NUST): Islam, Alishba , IoT based Intelligent Fire Rooster /
